Elements of parametric design / (Record no. 18193)
[ view plain ]
| 000 -LEADER | |
|---|---|
| fixed length control field | 01033cam a22002655a 4500 |
| 001 - CONTROL NUMBER | |
| control field | 16059278 |
| 005 - DATE AND TIME OF LATEST TRANSACTION | |
| control field | 20160327115607.0 |
| 008 - FIXED-LENGTH DATA ELEMENTS--GENERAL INFORMATION | |
| fixed length control field | 100119s2010 enka frb 001 0 eng d |
| 020 ## - INTERNATIONAL STANDARD BOOK NUMBER | |
| International Standard Book Number | 9780415779876 (pbk : alk. paper) |
| 040 ## - CATALOGING SOURCE | |
| Original cataloging agency | DLC |
| Transcribing agency | DLC |
| Modifying agency | DLC |
| -- | EG-ScBUE |
| Language of cataloging | eng |
| 082 04 - DEWEY DECIMAL CLASSIFICATION NUMBER | |
| Classification number | 620.00420285 |
| Edition number | 22 |
| Item number | WOO |
| 100 1# - MAIN ENTRY--PERSONAL NAME | |
| Personal name | Woodbury, Robert |
| Fuller form of name | (Robert Francis), |
| Dates associated with a name | 1955- |
| 9 (RLIN) | 35837 |
| 245 10 - TITLE STATEMENT | |
| Title | Elements of parametric design / |
| Statement of responsibility, etc | Robert Woodbury ; with contributions by Onur Yuce Gun, Brady Peters and Mehdi (Roham) Sheikholeslami . |
| 260 ## - PUBLICATION, DISTRIBUTION, ETC. (IMPRINT) | |
| Place of publication, distribution, etc | Oxon ; |
| -- | New York : |
| Name of publisher, distributor, etc | Routledge / Taylor & Francis Group, |
| Date of publication, distribution, etc | 2010. |
| 300 ## - PHYSICAL DESCRIPTION | |
| Extent | xi, 300 p. : |
| Other physical details | ill. (col.) ; |
| Dimensions | 26 cm. |
| 500 ## - GENERAL NOTE | |
| General note | Index : p. 296-300. |
| 504 ## - BIBLIOGRAPHY, ETC. NOTE | |
| Bibliography, etc | Bibliography : p. 289-294. |
| 650 #7 - SUBJECT ADDED ENTRY--TOPICAL TERM | |
| Topical term or geographic name as entry element | Computer-aided design. |
| 9 (RLIN) | 3588 |
| Source of heading or term | BUEsh |
| 651 ## - SUBJECT ADDED ENTRY--GEOGRAPHIC NAME | |
| Source of heading or term | BUEsh |
| 653 ## - INDEX TERM--UNCONTROLLED | |
| Resource For college | Engineering, Architecture |
| Arrived date list | March2014 |
| -- | March2016 |
| 700 1# - ADDED ENTRY--PERSONAL NAME | |
| Personal name | Gun, Onur Yuce, |
| Relator term | contributor. |
| 700 1# - ADDED ENTRY--PERSONAL NAME | |
| 9 (RLIN) | 35838 |
| Personal name | Peters, Brady, |
| Relator term | contributor. |
| 700 1# - ADDED ENTRY--PERSONAL NAME | |
| Personal name | Sheikholeslami, Mehdi, |
| 9 (RLIN) | 35839 |
| Relator term | contributor. |
| 942 ## - ADDED ENTRY ELEMENTS (KOHA) | |
| Source of classification or shelving scheme | Dewey Decimal Classification |
| Call number prefix | 620.00420285 WOO |
| Withdrawn status | Item status | Source of classification or shelving scheme | Damaged status | Not for loan | Vendor | Home library | Current library | Shelving location | Date acquired | Source of acquisition | Cost, normal purchase price | Total Checkouts | Full call number | Barcode | Date last seen | Cost, replacement price | Koha item type | Serial Enumeration / chronology |
|---|---|---|---|---|---|---|---|---|---|---|---|---|---|---|---|---|---|---|
| Dewey Decimal Classification | Baccah | Central Library | Central Library | First floor | 31/03/2014 | 320.00 | 620.00420285 WOO | 000035845 | 15/07/2025 | 400.00 | NB - Book (Non borrowing) | |||||||
| Dewey Decimal Classification | Baccah | Central Library | Central Library | First floor | 31/03/2014 | 320.00 | 620.00420285 WOO | 000035846 | 15/07/2025 | 400.00 | Book - Borrowing | |||||||
| Dewey Decimal Classification | Baccah | Central Library | Central Library | First floor | 31/03/2014 | 320.00 | 620.00420285 WOO | 000035847 | 15/07/2025 | 400.00 | Book - Borrowing | |||||||
| Dewey Decimal Classification | Scientific home BookShop | Central Library | Central Library | First floor | 27/03/2016 | Purchase | 430.00 | 620.00420285 WOO | 000032181 | 15/07/2025 | 537.50 | Book - Borrowing | 1 |